Electrochemical protein chip with arrayed immunosensors with antibodies immobilized in a plasma-polymerized film /
Đã lưu trong:
| Tác giả khác: | , , , , , |
|---|---|
| Định dạng: | Bài viết |
| Ngôn ngữ: | English |
| Những chủ đề: | |
| Các nhãn: |
Thêm thẻ
Không có thẻ, Là người đầu tiên thẻ bản ghi này!
|
| Thư viện lưu trữ: | Thư viện Trường Đại học Đà Lạt |
|---|
| LEADER | 01041nam a2200337 4500 | ||
|---|---|---|---|
| 001 | DLU090096859 | ||
| 005 | ##20091201 | ||
| 040 | # | # | |a DLU |b eng |
| 041 | # | # | |a eng |
| 044 | # | # | |a us |
| 245 | # | # | |a Electrochemical protein chip with arrayed immunosensors with antibodies immobilized in a plasma-polymerized film / |c Kenichi Kojima ... [et al.]. |
| 653 | # | # | |a Analytical chemistry |
| 653 | # | # | |a Antibodies |
| 653 | # | # | |a Immunosensors |
| 653 | # | # | |a Plasma-polymerized films |
| 700 | # | # | |a Hiratsuka, Atsunori. |
| 700 | # | # | |a Ikebukuro, Kazunori. |
| 700 | # | # | |a Karube, Isao. |
| 700 | # | # | |a Kojima, Kenichi. |
| 700 | # | # | |a Suzuki, Hiroaki. |
| 700 | # | # | |a Yano, Kazuyoshi. |
| 773 | # | # | |t Analytical Chemistry |g Vol. 75, no. 5 (March 2003), p. 1116-1122 |
| 920 | # | # | |a Phòng Tạp chí -- Trung tâm Thông tin - Thư viện Trường Đại học Đà Lạt |
| 994 | # | # | |a DLU |
| 900 | # | # | |a True |
| 911 | # | # | |a Trương Bảo Trâm Anh |
| 925 | # | # | |a G |
| 926 | # | # | |a A |
| 927 | # | # | |a BB |
| 980 | # | # | |a Thư viện Trường Đại học Đà Lạt |